[Event "XIV Festival A"]
[Site "Trieste ITA"]
[Date "2012.09.01"]
[Round "1"]
[White "Baklan, Vladimir"]
[Black "Pregarac, Valter"]
[WhiteElo "2610"]
[BlackElo "2181"]
[Result "1-0"]
[PlyCount "77"]
[EventDate "2012.09.01"]

1. e4 e6 2. d4 d5 3. Nd2 Nf6 4. Bd3 c5 5. e5 Nfd7 6. c3 Nc6 7. Ne2 cxd4 8. cxd4
f6 9. exf6 Nxf6 10. O-O Bd6 11. Nf3 Qc7 12. Nc3 a6 13. Be3 O-O 14. Rc1 Bd7 15.
Na4 Rae8 16. h3 Kh8 17. Nc5 Bc8 18. Re1 Qb6 19. a3 Bxc5 20. Rxc5 Qxb2 21. Qa4
Ne4 22. Rc2 Qb6 23. Ne5 Qd8 24. Nxc6 bxc6 25. Qxc6 Qd6 26. Qxd6 Nxd6 27. Rc6
Nc4 28. Bxc4 dxc4 29. Rb1 Bd7 30. Rxc4 Bb5 31. Rc5 Rc8 32. Rb4 Kg8 33. a4 Bd3
34. Rb6 Kf7 35. Bf4 Rxc5 36. dxc5 Rc8 37. c6 Ke8 38. c7 Be4 39. Rxe6+ 1-0

[Event "XIV Festival A"]
[Site "Trieste ITA"]
[Date "2012.09.01"]
[Round "1"]
[White "Basso, Pier Luigi"]
[Black "Jovanic, Ognjen"]
[WhiteElo "2112"]
[BlackElo "2511"]
[Result "1/2-1/2"]
[PlyCount "130"]
[EventDate "2012.09.01"]

1. e4 e5 2. Nf3 Nc6 3. d4 exd4 4. Bc4 Bc5 5. O-O d6 6. c3 Bg4 7. Bd5 Bxf3 8.
Qxf3 Qf6 9. Qd3 Nge7 10. a4 a5 11. Qb5 O-O 12. Bd2 Nxd5 13. exd5 Ne5 14. cxd4
Bxd4 15. Bc3 Bxc3 16. Nxc3 b6 17. h3 Qf4 18. Rfe1 f5 19. Re3 Rf6 20. Ne2 Qb4
21. Qxb4 axb4 22. Nd4 f4 23. Rb3 f3 24. g3 Ra5 25. Nb5 c6 26. dxc6 Nxc6 27. g4
d5 28. Rd3 d4 29. Rad1 Rxa4 30. Nxd4 Ne5 31. Re3 Nc4 32. Re7 Ra8 33. Nf5 Rf7
34. Rd4 b5 35. b3 Rxe7 36. Nxe7+ Kf8 37. Nc6 Na5 38. Ne5 Nxb3 39. Rxb4 Nd2 40.
Rxb5 Ra1+ 41. Kh2 Nf1+ 42. Kg1 Ng3+ 43. Kh2 Nf1+ 44. Kg1 Nd2+ 45. Kh2 Rf1 46.
Kg3 g5 47. Nd3 h6 48. Re5 Rg1+ 49. Kh2 Ra1 50. Re1 Ra3 51. Ne5 Kg7 52. Rd1 Ra2
53. Kg3 Kf6 54. Re1 Ra3 55. Nd7+ Kf7 56. Ne5+ Kg7 57. Nc6 h5 58. gxh5 Kh6 59.
h4 gxh4+ 60. Kxh4 Ra4+ 61. Kg3 Kxh5 62. Re5+ Kg6 63. Rd5 Ra2 64. Ne5+ Kf6 65.
Nxf3 Ne4+ 1/2-1/2

[Event "XIV Festival A"]
[Site "Trieste ITA"]
[Date "2012.09.01"]
[Round "1"]
[White "Bergez, Luc"]
[Black "Bisi, Samuele"]
[WhiteElo "2406"]
[BlackElo "2050"]
[Result "1-0"]
[PlyCount "55"]
[EventDate "2012.09.01"]

1. e4 e5 2. Nf3 Nc6 3. Bc4 Nf6 4. d3 Bc5 5. Bb3 O-O 6. c3 a6 7. O-O Ba7 8. Nbd2
d6 9. Re1 Ne7 10. Nf1 Ng6 11. Ng3 Ng4 12. d4 c6 13. Bg5 Qc7 14. h3 Nf6 15. Bxf6
gxf6 16. Nh5 f5 17. exf5 Bxf5 18. Qd2 Nf4 19. Nxf4 exf4 20. Qxf4 Bg6 21. Re3 c5
22. Rae1 cxd4 23. cxd4 Bxd4 24. Qxd4 Qc5 25. Qf6 Rad8 26. Rd1 d5 27. Qd4 Qxd4
28. Rxd4 1-0

[Event "XIV Festival A"]
[Site "Trieste ITA"]
[Date "2012.09.01"]
[Round "1"]
[White "Bernard, Jacques"]
[Black "Erdos, Viktor"]
[WhiteElo "2224"]
[BlackElo "2643"]
[Result "0-1"]
[PlyCount "66"]
[EventDate "2012.09.01"]

1. e4 e5 2. Nf3 Nc6 3. Bb5 a6 4. Ba4 Nge7 5. d4 exd4 6. Nxd4 g6 7. Bg5 Bg7 8.
c3 h6 9. Nxc6 bxc6 10. Be3 O-O 11. O-O d6 12. Bd4 f6 13. Nd2 c5 14. Be3 f5 15.
f3 Rb8 16. Nc4 Be6 17. Bb3 f4 18. Bf2 Kh8 19. Qd2 g5 20. Qe2 Qc8 21. Nd2 Bd7
22. Rab1 Ng6 23. Rfd1 a5 24. Nc4 Bb5 25. a4 Ba6 26. Qc2 g4 27. fxg4 Qxg4 28. h3
Qh5 29. Rd5 Ne5 30. Nxe5 Bxe5 31. Bd4 cxd4 32. cxd4 c6 33. Qxc6 Bb7 0-1

[Event "XIV Festival A"]
[Site "Trieste ITA"]
[Date "2012.09.01"]
[Round "1"]
[White "Boscolo, Federico"]
[Black "Tonel, Giulia"]
[WhiteElo "2330"]
[BlackElo "1975"]
[Result "1-0"]
[PlyCount "43"]
[EventDate "2012.09.01"]

1. e4 d6 2. d4 Nf6 3. Nc3 g6 4. Bg5 Bg7 5. Qe2 Nc6 6. O-O-O O-O 7. f4 a6 8. e5
Bg4 9. Nf3 Nh5 10. d5 f6 11. dxc6 fxg5 12. cxb7 Rb8 13. Qxa6 gxf4 14. Bc4+ Kh8
15. Rhe1 c6 16. Qxc6 Bd7 17. Qa6 Qc7 18. Nd5 Qxb7 19. Qxb7 Rxb7 20. Nxe7 Bg4
21. Nc6 Rc8 22. Ba6 1-0

[Event "XIV Festival A"]
[Site "Trieste ITA"]
[Date "2012.09.01"]
[Round "1"]
[White "Castelfranchi, Carlo"]
[Black "Manca, Federico"]
[WhiteElo "2073"]
[BlackElo "2421"]
[Result "0-1"]
[PlyCount "66"]
[EventDate "2012.09.01"]

1. e4 c6 2. d4 d5 3. Nc3 dxe4 4. Nxe4 Nf6 5. Nxf6+ gxf6 6. c3 h5 7. Qb3 Nd7 8.
Bc4 e6 9. Nf3 Nb6 10. Be2 Qc7 11. Bd2 c5 12. Bb5+ Bd7 13. dxc5 Bxc5 14. O-O
O-O-O 15. Rad1 Rhg8 16. Bxd7+ Rxd7 17. Be3 Bxe3 18. fxe3 Qc5 19. Rd4 Qc6 20.
Rxd7 Nxd7 21. Qb4 f5 22. Kh1 Ne5 23. e4 Nd3 24. Qd4 fxe4 25. Qxa7 Qa6 26. Qxa6
bxa6 27. Ne1 Rd8 28. Kg1 f5 29. Nxd3 Rxd3 30. Rf2 Rd1+ 31. Rf1 Rd2 32. Rf2 e3
33. Rf3 Rd1+ 0-1

[Event "XIV Festival A"]
[Site "Trieste ITA"]
[Date "2012.09.01"]
[Round "1"]
[White "Drazic, Sinisa"]
[Black "Capaliku, Aleks"]
[WhiteElo "2511"]
[BlackElo "2114"]
[Result "1-0"]
[PlyCount "81"]
[EventDate "2012.09.01"]

1. c4 c5 2. g3 Nc6 3. Bg2 g6 4. Nc3 Bg7 5. d3 d6 6. Bg5 Nf6 7. a3 O-O 8. Qd2 a6
9. Rb1 Qa5 10. Nd5 Qxd2+ 11. Kxd2 Be6 12. Bxf6 Bxf6 13. Nb6 Ra7 14. e3 a5 15.
Ne2 Ra6 16. Nd5 Bxd5 17. Bxd5 e6 18. Bg2 Rb8 19. Nc3 Na7 20. a4 Nc6 21. f4 Nb4
22. g4 Rb6 23. g5 Be7 24. h4 Rd8 25. Ke2 d5 26. Nb5 Kg7 27. h5 f5 28. Rh3 gxh5
29. Rxh5 e5 30. Rbh1 Rh8 31. Bxd5 Nxd5 32. cxd5 exf4 33. exf4 h6 34. Kf3 Rg6
35. Nc7 Bf8 36. Ne6+ Kh7 37. gxh6 Rf6 38. Rg5 Rxh6 39. Rxh6+ Bxh6 40. Rxf5 Kg6
41. Ke4 1-0

[Event "XIV Festival A"]
[Site "Trieste ITA"]
[Date "2012.09.01"]
[Round "1"]
[White "Franca, Veronika"]
[Black "Ceschia, Ivano"]
[WhiteElo "1952"]
[BlackElo "2291"]
[Result "1/2-1/2"]
[PlyCount "92"]
[EventDate "2012.09.01"]

1. d4 Nf6 2. c4 g6 3. Nc3 d5 4. Nf3 Bg7 5. Bg5 Ne4 6. cxd5 Nxg5 7. Nxg5 e6 8.
Qd2 h6 9. Nh3 exd5 10. Qe3+ Kf8 11. Nf4 c6 12. g3 Na6 13. a3 Qb6 14. O-O-O Bf5
15. Qd2 Nc7 16. e3 Ne8 17. Nd3 Nd6 18. Nc5 Qd8 19. f3 b6 20. Na6 h5 21. Bd3 Qc8
22. Nb4 a5 23. Bxf5 Nxf5 24. Nc2 Bh6 25. Kb1 Kg7 26. f4 Re8 27. Rhg1 b5 28.
Rde1 Nd6 29. Qg2 Qf5 30. g4 hxg4 31. Qxg4 Qxg4 32. Rxg4 Rab8 33. Nd1 b4 34.
axb4 axb4 35. b3 Kf6 36. Nf2 Ne4 37. Nd3 Bf8 38. Kb2 c5 39. dxc5 Bxc5 40. Nxc5
Nxc5 41. Rd1 Rb5 42. Rg5 Rd8 43. Nd4 Rb6 44. Nc2 Rb5 45. Nd4 Rb6 46. Nc2 Rb5
1/2-1/2

[Event "XIV Festival A"]
[Site "Trieste ITA"]
[Date "2012.09.01"]
[Round "1"]
[White "Granaldi, Alessandro"]
[Black "Demuth, Adrien"]
[WhiteElo "2105"]
[BlackElo "2476"]
[Result "0-1"]
[PlyCount "104"]
[EventDate "2012.09.01"]

1. d4 Nf6 2. Nf3 g6 3. Nc3 d5 4. Bf4 Bg7 5. Qd2 Ne4 6. Nxe4 dxe4 7. Ne5 Be6 8.
e3 f6 9. Nc4 c6 10. Na5 Qd7 11. c4 b6 12. Nb3 a5 13. Qc2 f5 14. Rd1 a4 15. Nd2
c5 16. d5 Bf7 17. a3 O-O 18. Be2 e5 19. dxe6 Qxe6 20. Nb1 Nd7 21. Nc3 Ne5 22.
Nd5 Rad8 23. Qxa4 Nd3+ 24. Bxd3 exd3 25. Qb3 b5 26. Qxb5 g5 27. Bc7 Rd7 28. O-O
Rxc7 29. Nxc7 Qxc4 30. Rc1 Qxb5 31. Nxb5 Bb3 32. Rxc5 d2 33. Nc3 Bxc3 34. Rxc3
Rd8 35. Rcc1 dxc1=Q 36. Rxc1 Rd2 37. h3 Rxb2 38. Rc5 Be6 39. g4 fxg4 40. Rxg5+
Kf7 41. hxg4 Kf6 42. Rh5 Bxg4 43. Rxh7 Bf3 44. Kh2 Be4 45. Rh4 Rxf2+ 46. Kg1
Rg2+ 47. Kf1 Bb7 48. Rh6+ Kf5 49. Rh5+ Kg4 50. e4 Rc2 51. Rf5 Kg3 52. Rb5 Ba6
0-1

[Event "XIV Festival A"]
[Site "Trieste ITA"]
[Date "2012.09.01"]
[Round "1"]
[White "Iasman, Inna"]
[Black "Tesic, Dragan"]
[WhiteElo "2002"]
[BlackElo "2348"]
[Result "0-1"]
[PlyCount "124"]
[EventDate "2012.09.01"]

1. d4 Nf6 2. c4 g6 3. Nc3 d5 4. Bf4 Bg7 5. e3 c5 6. dxc5 Qa5 7. Rc1 dxc4 8.
Bxc4 O-O 9. Nf3 Qxc5 10. Bb3 Qa5 11. O-O Na6 12. Qe2 Nc5 13. e4 Nxb3 14. axb3
Qb4 15. Qc4 Qxc4 16. bxc4 Bg4 17. Nd2 Nd7 18. h3 Be6 19. Nd5 Bxd5 20. cxd5 Rfc8
21. b3 Bb2 22. Rxc8+ Rxc8 23. Nc4 Bg7 24. Be3 Nc5 25. Bxc5 Rxc5 26. Rd1 Kf8 27.
d6 exd6 28. Nxd6 b6 29. Nc4 Ke8 30. f4 Bc3 31. Rd3 Bb4 32. e5 Ke7 33. Kf2 b5
34. Ne3 Ke8 35. Kf3 Rc1 36. Nd5 Be7 37. g4 a5 38. Nc3 b4 39. Na4 Re1 40. Re3
Rb1 41. Ke4 Kd7 42. f5 Kc6 43. fxg6 fxg6 44. Rf3 Kd7 45. Nb6+ Ke6 46. Nc4 Re1+
47. Kd3 Ra1 48. Kc2 Re1 49. Kd2 Ra1 50. Kc2 h6 51. Kb2 Re1 52. Kc2 Re2+ 53. Kd3
Ra2 54. Rf1 a4 55. bxa4 Rxa4 56. Rb1 Ra8 57. Ke4 Ra2 58. Rb3 Rc2 59. Kd3 Rc1
60. Kd4 Rd1+ 61. Ke4 Bc5 62. Rf3 Rd4+ 0-1

[Event "XIV Festival A"]
[Site "Trieste ITA"]
[Date "2012.09.01"]
[Round "1"]
[White "Jovic, Stanoje"]
[Black "Movileanu, Daniela"]
[WhiteElo "2338"]
[BlackElo "1993"]
[Result "1-0"]
[PlyCount "87"]
[EventDate "2012.09.01"]

1. c4 c5 2. Nf3 g6 3. g3 Bg7 4. Bg2 Nc6 5. Nc3 e6 6. O-O Nge7 7. d4 cxd4 8. Nb5
O-O 9. Nbxd4 Nxd4 10. Nxd4 d5 11. cxd5 Nxd5 12. e4 Ne7 13. Be3 Bd7 14. Qb3 Nc6
15. Rfd1 Nxd4 16. Bxd4 Bxd4 17. Rxd4 Qc7 18. h4 Bc6 19. Rad1 a5 20. Qe3 e5 21.
R4d2 Rfd8 22. h5 Rxd2 23. Qxd2 Qe7 24. h6 f6 25. Qc2 Qf8 26. Qb3+ Qf7 27. Qb6
a4 28. Bf1 Qf8 29. Bc4+ Kh8 30. Bb5 Bxe4 31. Bxa4 Rc8 32. Bd7 Rd8 33. Bg4 Rxd1+
34. Bxd1 Bd5 35. Bb3 Bxb3 36. Qxb3 Qxh6 37. Qxb7 Qc1+ 38. Kg2 Qb1 39. a4 Qc2
40. a5 e4 41. Qf7 Qc8 42. Qxf6+ Kg8 43. Qe5 Qc6 44. Qc3 1-0

[Event "XIV Festival A"]
[Site "Trieste ITA"]
[Date "2012.09.01"]
[Round "1"]
[White "Litrico, Paolo"]
[Black "Plenca, Julijan"]
[WhiteElo "1976"]
[BlackElo "2336"]
[Result "0-1"]
[PlyCount "90"]
[EventDate "2012.09.01"]

1. d4 Nf6 2. Nf3 c5 3. d5 e6 4. Nc3 Qa5 5. Bd2 Qb6 6. e4 d6 7. Bb5+ Nbd7 8.
dxe6 fxe6 9. Ng5 Be7 10. f4 h6 11. e5 hxg5 12. exf6 gxf6 13. Qe2 Kf7 14. O-O-O
g4 15. Qxg4 f5 16. Qe2 Nf6 17. h3 a6 18. Bd3 d5 19. Qf2 d4 20. Nb1 Qc6 21. c3
c4 22. Be2 d3 23. Bf3 Qa4 24. Be3 Qxa2 25. g4 Bd6 26. Rdg1 Bd7 27. g5 Nh5 28.
g6+ Kg8 29. Bxh5 Rxh5 30. Qg3 Bc6 31. Rh2 b5 32. g7 Be8 33. Qf3 Rb8 34. Ba7 Rc8
35. Qe3 Rh6 36. Bd4 b4 37. Rg5 Qa4 38. Qf3 Qc6 39. Qxc6 Bxf4+ 40. Nd2 Bxc6 41.
Rgg2 e5 42. Ba7 Bxg2 43. Rxg2 bxc3 44. bxc3 Rxh3 45. Bg1 Rg3 0-1

[Event "XIV Festival A"]
[Site "Trieste ITA"]
[Date "2012.09.01"]
[Round "1"]
[White "Mazet, Julien"]
[Black "Kuljasevic, Davorin"]
[WhiteElo "2128"]
[BlackElo "2555"]
[Result "0-1"]
[PlyCount "94"]
[EventDate "2012.09.01"]

1. d4 Nf6 2. Nf3 d5 3. c4 e6 4. cxd5 exd5 5. Nc3 c6 6. Bg5 Be7 7. e3 Bf5 8. Bd3
Bxd3 9. Qxd3 Nbd7 10. O-O O-O 11. Rab1 a5 12. h3 Re8 13. Qc2 Bd6 14. Ne2 h6 15.
Bf4 Ne4 16. Bxd6 Nxd6 17. Nf4 Qe7 18. Rbc1 a4 19. Nd3 Ra5 20. Nfe5 Nxe5 21.
Nxe5 Qg5 22. Qe2 h5 23. Rfd1 f6 24. Nd3 a3 25. b3 Raa8 26. Qf3 Re4 27. Nc5 Re7
28. Nd3 Nf5 29. Nf4 g6 30. Ne2 h4 31. Nf4 Nd6 32. Rc3 Rae8 33. Nd3 Ne4 34. Rc2
Kg7 35. Qf4 Qh5 36. Qf3 Qh6 37. Nc5 Nd6 38. Qf4 Qxf4 39. exf4 Re1+ 40. Rxe1
Rxe1+ 41. Kh2 Rb1 42. Na4 Rd1 43. Nc3 Rxd4 44. Ne2 Rd1 45. Nc3 Re1 46. g3 d4
47. Na4 Ne4 0-1

[Event "XIV Festival A"]
[Site "Trieste ITA"]
[Date "2012.09.01"]
[Round "1"]
[White "Mazi, Leon"]
[Black "Erwich, Frans A.G.M."]
[WhiteElo "2356"]
[BlackElo "2005"]
[Result "1-0"]
[PlyCount "59"]
[EventDate "2012.09.01"]

1. e4 c5 2. Nf3 e6 3. d4 cxd4 4. Nxd4 Nf6 5. Nc3 d6 6. Be3 a6 7. Qd2 b5 8. f3
Nbd7 9. g4 Nb6 10. Qf2 Nfd7 11. O-O-O Bb7 12. Kb1 b4 13. Nce2 Qc7 14. Ng3 Be7
15. h4 O-O 16. g5 d5 17. h5 Nc5 18. g6 dxe4 19. h6 fxg6 20. hxg7 Rxf3 21. Nxf3
exf3 22. Bh3 Bd5 23. Bg4 Nc4 24. Bd4 Qf4 25. Bxc5 Bxc5 26. Qxc5 Qxg3 27. Rxd5
Qxg4 28. Rd4 Qg2 29. Rhd1 f2 30. Rd8+ 1-0

[Event "XIV Festival A"]
[Site "Trieste ITA"]
[Date "2012.09.01"]
[Round "1"]
[White "Oparin, Grigoriy"]
[Black "Ivanovic, Andrej"]
[WhiteElo "2490"]
[BlackElo "2107"]
[Result "1-0"]
[PlyCount "125"]
[EventDate "2012.09.01"]

1. e4 e6 2. d4 d5 3. Nc3 Bb4 4. e5 c5 5. a3 Bxc3+ 6. bxc3 Qa5 7. Bd2 Qa4 8. Qg4
g6 9. Qf4 Qxc2 10. dxc5 Nc6 11. Nf3 Bd7 12. Be2 h6 13. c4 Qe4 14. cxd5 Qxf4 15.
Bxf4 exd5 16. Kd2 O-O-O 17. Rhb1 Bf5 18. Rb2 g5 19. Bg3 Nge7 20. a4 Rhe8 21. a5
a6 22. Ra3 Be6 23. Rb6 d4 24. Ra4 g4 25. Ne1 Nd5 26. Rxc6+ bxc6 27. Bxa6+ Kc7
28. Bd3 Nc3 29. Rb4 Rb8 30. Rxd4 Nd5 31. Nc2 Rb2 32. Ra4 Ra8 33. a6 Ra7 34. f3
h5 35. fxg4 hxg4 36. h4 gxh3 37. gxh3 Rb1 38. h4 Rg1 39. Bf2 Rg2 40. Ke1 Rg4
41. Nd4 Kd7 42. Be2 Nc3 43. Bxg4 Nxa4 44. Be2 Ra8 45. h5 Nxc5 46. Nxe6 Nxe6 47.
h6 Kc7 48. Be3 c5 49. Bc4 Kb6 50. Kf2 Nc7 51. Kf3 Nxa6 52. Bxf7 Rh8 53. e6 Nc7
54. Ke4 Kc6 55. Ke5 Nd5 56. Bg5 c4 57. Bg6 Ne7 58. Be4+ Kb6 59. Bxe7 Rxh6 60.
Bf6 Rh5+ 61. Kd6 Rh6 62. e7 Rxf6+ 63. Ke5 1-0

[Event "XIV Festival A"]
[Site "Trieste ITA"]
[Date "2012.09.01"]
[Round "1"]
[White "Plenca, Jadranko"]
[Black "Erwich, Frank A.S."]
[WhiteElo "2049"]
[BlackElo "2359"]
[Result "1/2-1/2"]
[PlyCount "145"]
[EventDate "2012.09.01"]

1. e4 e5 2. Nf3 Nc6 3. Bc4 Nf6 4. d3 h6 5. O-O d6 6. c3 g6 7. Re1 Bg7 8. Nbd2
O-O 9. Nf1 Na5 10. Bb5 a6 11. Ba4 b5 12. Bc2 c5 13. d4 cxd4 14. cxd4 exd4 15.
Nxd4 Bb7 16. f3 Re8 17. Rb1 Rc8 18. Kh1 Nh5 19. Be3 d5 20. Bf2 dxe4 21. Bxe4
Bxe4 22. Rxe4 Rxe4 23. fxe4 Rc4 24. b3 Rxd4 25. Bxd4 Qxd4 26. Qxd4 Bxd4 27. Rc1
Kg7 28. Rc8 Nb7 29. Nd2 Nc5 30. Nf3 Be3 31. e5 Nf4 32. Ra8 Nfd3 33. g3 b4 34.
Rb8 Ne4 35. Kg2 g5 36. Kf1 Nc3 37. Rd8 Nc5 38. Rc8 Kg6 39. g4 h5 40. Rc6+ Ne6
41. gxh5+ Kxh5 42. Rxa6 g4 43. Ne1 Bf4 44. Kg2 Bxe5 45. Nd3 Nf4+ 46. Nxf4+ Bxf4
47. a3 bxa3 48. Rxa3 Nd1 49. b4 Ne3+ 50. Kg1 f5 51. b5 Nc4 52. Rc3 Nb6 53. Kg2
Kg5 54. Rc6 Be3 55. h3 Nd5 56. hxg4 Kxg4 57. Rg6+ Kf4 58. Rd6 Ke5 59. Rc6 Ke4
60. Re6+ Kf4 61. Rd6 Nb6 62. Re6 Bd4 63. Rd6 Ke4 64. Re6+ Kd5 65. Rc6 Nc4 66.
Kg3 Be3 67. Rf6 Ke4 68. Re6+ Kd5 69. Rxe3 Nxe3 70. Kf4 Kc5 71. Kxe3 Kxb5 72.
Kf4 Kc5 73. Kxf5 1/2-1/2

[Event "XIV Festival A"]
[Site "Trieste ITA"]
[Date "2012.09.01"]
[Round "1"]
[White "Rombaldoni, Axel"]
[Black "Laco, Giuseppe"]
[WhiteElo "2458"]
[BlackElo "2085"]
[Result "1-0"]
[PlyCount "59"]
[EventDate "2012.09.01"]

1. e4 g6 2. d4 Bg7 3. Bc4 c6 4. Nc3 b5 5. Bb3 b4 6. Nce2 d6 7. Nf3 a5 8. a3 Na6
9. axb4 axb4 10. Nf4 Bd7 11. Qe2 Qc8 12. e5 d5 13. O-O Nc7 14. Bd2 Rb8 15. Nd3
Na6 16. Ra5 e6 17. Rfa1 Rb6 18. Qe1 Bf8 19. R1a2 Nh6 20. h3 Nf5 21. Qa1 Nb8 22.
Bg5 h6 23. Bf6 Rg8 24. g4 Nxd4 25. Nxd4 c5 26. Ra8 cxd4 27. R2a7 Bb5 28. Qa5
Qc6 29. Nxb4 Qc5 30. Rb7 1-0

[Event "XIV Festival A"]
[Site "Trieste ITA"]
[Date "2012.09.01"]
[Round "1"]
[White "Santeramo, Alessia Carmen"]
[Black "Mocchi, Tullio"]
[WhiteElo "1866"]
[BlackElo "2259"]
[Result "0-1"]
[PlyCount "106"]
[EventDate "2012.09.01"]

1. e4 c6 2. d4 d5 3. exd5 cxd5 4. Bd3 Nc6 5. c3 Nf6 6. Bf4 Bg4 7. Qb3 Qc8 8.
Nd2 e6 9. Ngf3 Be7 10. O-O O-O 11. Rae1 Bh5 12. Ne5 Bg6 13. Ndf3 Nd7 14. Qd1
Ncxe5 15. Nxe5 Bxd3 16. Qxd3 Re8 17. Re3 Nxe5 18. Bxe5 f6 19. Rh3 g6 20. Qe3
Qd7 21. Bf4 Rac8 22. Rg3 b5 23. h4 Kh8 24. h5 g5 25. Bxg5 fxg5 26. Qe5+ Kg8 27.
h6 Bd8 28. f4 Rf8 29. Re1 Rf5 30. Qe3 Qf7 31. fxg5 Qg6 32. Qxe6+ Qxe6 33. Rxe6
Kf7 34. Re5 Rxe5 35. dxe5 Kg6 36. Rd3 Bb6+ 37. Kh2 Rd8 38. e6 Bc5 39. Kh3 Kxg5
40. Rf3 Rf8 41. Rd3 Rf5 42. b4 Be7 43. Re3 Kf6 44. g4 Re5 45. g5+ Rxg5 46. Kh4
Re5 47. Rh3 Re4+ 48. Kh5 Kxe6 49. Rh2 Bf6 50. Rh3 Kf5 51. Rf3+ Rf4 52. Rh3 Rf2
53. a3 Be5 0-1

[Event "XIV Festival A"]
[Site "Trieste ITA"]
[Date "2012.09.01"]
[Round "1"]
[White "Turov, Maxim"]
[Black "Srebrnic, Vojko"]
[WhiteElo "2636"]
[BlackElo "2207"]
[Result "1-0"]
[PlyCount "75"]
[EventDate "2012.09.01"]

1. c4 c5 2. Nc3 g6 3. g3 Bg7 4. Bg2 Nc6 5. Nf3 Nf6 6. d4 cxd4 7. Nxd4 O-O 8.
O-O Nxd4 9. Qxd4 d6 10. Qd3 Nd7 11. b3 Nc5 12. Qd2 Bd7 13. Bb2 a5 14. Nd5 Bc6
15. Bxg7 Kxg7 16. Rfd1 Bxd5 17. Bxd5 Rb8 18. Rac1 Qc7 19. h4 h5 20. a3 f6 21.
Qe3 Rfe8 22. b4 axb4 23. axb4 Nd7 24. Qe6 Ne5 25. f4 Nc6 26. Qf7+ Kh6 27. g4
hxg4 28. h5 Rg8 29. hxg6 Rg7 30. Qe6 Qc8 31. Qe3 f5 32. Be6 Qf8 33. Rd5 Rxg6
34. Rxf5 Qh8 35. Kg2 Qd4 36. Rh1+ Kg7 37. Rf7+ Kg8 38. Rfh7+ 1-0

[Event "XIV Festival A"]
[Site "Trieste ITA"]
[Date "2012.09.01"]
[Round "1"]
[White "Vorobiov, Evgeny E."]
[Black "Suc, Timothy"]
[WhiteElo "2594"]
[BlackElo "2135"]
[Result "1-0"]
[PlyCount "39"]
[EventDate "2012.09.01"]

1. d4 d5 2. c4 e6 3. Nf3 c5 4. cxd5 exd5 5. g3 Nc6 6. Bg2 Nf6 7. O-O Be7 8. Nc3
O-O 9. dxc5 Bxc5 10. a3 Ne4 11. Nxd5 Be6 12. Ne3 Qa5 13. Qc2 Bxe3 14. Bxe3 Bf5
15. Qb3 Rac8 16. Rfd1 Nc5 17. Qc4 Ne4 18. Nh4 Nf6 19. b4 Qe5 20. Qc5 1-0

[Event "XIV Festival A"]
[Site "Trieste ITA"]
[Date "2012.09.02"]
[Round "2"]
[White "Banusz, Tamas"]
[Black "Mazi, Leon"]
[WhiteElo "2583"]
[BlackElo "2356"]
[Result "1-0"]
[PlyCount "69"]
[EventDate "2012.09.01"]

1. d4 Nf6 2. c4 e6 3. Nc3 c5 4. d5 exd5 5. cxd5 d6 6. Nf3 g6 7. Bf4 a6 8. a4
Bg7 9. h3 O-O 10. e3 Qe7 11. Be2 Nbd7 12. O-O Rb8 13. Nd2 Ne5 14. a5 Nfd7 15.
Qc2 f5 16. Bh2 b5 17. axb6 Rxb6 18. Rfe1 Nb8 19. Kh1 Rb4 20. f4 Nf7 21. Nc4 Qb7
22. Rab1 Bd7 23. Na2 Rb5 24. Bf3 Qc7 25. e4 fxe4 26. Bxe4 Kh8 27. Rf1 Bc8 28.
f5 gxf5 29. Bxf5 Bxf5 30. Rxf5 Qe7 31. Nc3 Rb4 32. Ne4 Nd7 33. Ncxd6 Nxd6 34.
Nxd6 Rxb2 35. Rxb2 1-0

[Event "XIV Festival A"]
[Site "Trieste ITA"]
[Date "2012.09.02"]
[Round "2"]
[White "Beletic, Daniel"]
[Black "Boscolo, Federico"]
[WhiteElo "2230"]
[BlackElo "2330"]
[Result "1-0"]
[PlyCount "65"]
[EventDate "2012.09.01"]

1. d4 Nf6 2. c4 g6 3. Nc3 Bg7 4. Nf3 O-O 5. g3 d6 6. Bg2 Nc6 7. O-O Rb8 8. d5
Na5 9. Nd2 c5 10. Qc2 a6 11. b3 b5 12. Bb2 bxc4 13. bxc4 Bh6 14. f4 Ng4 15. Nd1
f5 16. Bc3 Bd7 17. e4 Rb4 18. h3 Nf6 19. Ne3 fxe4 20. g4 Bg7 21. Rae1 Ra4 22.
f5 g5 23. Bxe4 Ra3 24. Ba1 Rf7 25. Bg2 Ba4 26. Qb1 h6 27. Bb2 Rxe3 28. Rxe3 Nd7
29. Bxg7 Rxg7 30. Ra3 Nb6 31. Re1 Rf7 32. Re6 Bd7 33. Rg6+ 1-0

[Event "XIV Festival A"]
[Site "Trieste ITA"]
[Date "2012.09.02"]
[Round "2"]
[White "Bisi, Samuele"]
[Black "Castelfranchi, Carlo"]
[WhiteElo "2050"]
[BlackElo "2073"]
[Result "1-0"]
[PlyCount "73"]
[EventDate "2012.09.01"]

1. d4 Nf6 2. c4 g6 3. Nc3 d5 4. Nf3 Bg7 5. Qb3 dxc4 6. Qxc4 O-O 7. e4 a6 8. e5
b5 9. Qb3 Ng4 10. h3 Nh6 11. Bd3 Bb7 12. Be4 Bxe4 13. Nxe4 Nf5 14. Be3 Nc6 15.
Rd1 Na5 16. Qd3 Nxe3 17. fxe3 Nc4 18. Qe2 Bh6 19. Rd3 Qd5 20. Nc5 Bg7 21. Qf2
f5 22. exf6 Rxf6 23. e4 Qf7 24. b3 Nb6 25. O-O Rf8 26. d5 Bh6 27. Ne6 Rc8 28.
e5 Rxe6 29. dxe6 Qxe6 30. Qh4 Kg7 31. Nd4 Qxe5 32. Re1 Bg5 33. Qf2 Qf6 34. Rf3
Qd6 35. Ne6+ Kh6 36. Nxg5 Kxg5 37. Qg3+ 1-0

[Event "XIV Festival A"]
[Site "Trieste ITA"]
[Date "2012.09.02"]
[Round "2"]
[White "Capaliku, Aleks"]
[Black "Litrico, Paolo"]
[WhiteElo "2114"]
[BlackElo "1976"]
[Result "1-0"]
[PlyCount "136"]
[EventDate "2012.09.01"]

1. f4 b6 2. Nf3 Bb7 3. e3 g6 4. c4 Bg7 5. Nc3 Nf6 6. d4 O-O 7. Bd3 e6 8. O-O d5
9. b3 c5 10. Ne5 Nc6 11. Ba3 Ne4 12. Nxe4 Nxe5 13. Nxc5 bxc5 14. fxe5 Qg5 15.
Rf3 dxc4 16. Rg3 Qh4 17. Bxc4 Rfd8 18. Bxc5 Bxe5 19. Rh3 Qg5 20. Qe2 Bg7 21.
Rg3 Qh4 22. Rf1 Rd7 23. Bb5 Rc7 24. Bd6 Rcc8 25. Qf2 f5 26. Bd7 Rd8 27. Bxe6+
Kh8 28. Bf4 Qe7 29. Bc4 a5 30. h4 Bf6 31. h5 g5 32. Be5 Bxe5 33. dxe5 Be4 34.
h6 Qxe5 35. Rxg5 Qf6 36. Qf4 Rd6 37. Qg3 Rdd8 38. Qh4 Qb2 39. Qf4 Rd2 40. Rf2
Rd1+ 41. Kh2 Qa1 42. Rf1 Rxf1 43. Bxf1 Qf6 44. Rg7 Rd8 45. Bc4 Bd5 46. Bxd5
Rxd5 47. Qg5 Qxg5 48. Rxg5 Re5 49. g4 Rxe3 50. Rxf5 Kg8 51. Rxa5 Kf7 52. g5 Kg6
53. Kg2 Re2+ 54. Kf3 Rb2 55. Ke4 Kh5 56. Kd3 Rg2 57. b4 Rg4 58. Kc3 Rg3+ 59.
Kb2 Rg4 60. Kb3 Rg3+ 61. Ka4 Rg4 62. Rc5 Rg2 63. a3 Rg4 64. Kb5 Rg3 65. a4 Ra3
66. a5 Ra2 67. a6 Ra3 68. Kb6 Ra4 1-0

[Event "XIV Festival A"]
[Site "Trieste ITA"]
[Date "2012.09.02"]
[Round "2"]
[White "Ceschia, Ivano"]
[Black "Plenca, Jadranko"]
[WhiteElo "2291"]
[BlackElo "2049"]
[Result "1/2-1/2"]
[PlyCount "84"]
[EventDate "2012.09.01"]

1. Nf3 Nf6 2. d4 d5 3. e3 Bg4 4. h3 Bh5 5. c4 dxc4 6. Bxc4 e6 7. Qb3 Bxf3 8.
gxf3 Qc8 9. Nc3 g6 10. d5 e5 11. d6 Bxd6 12. Bxf7+ Kf8 13. Be6 Nbd7 14. e4 Kg7
15. Be3 Re8 16. Nb5 a6 17. Nxd6 cxd6 18. Rc1 Qd8 19. Bd5 Rb8 20. Ke2 Nxd5 21.
Qxd5 Nf6 22. Qb3 Qd7 23. Qb6 Rec8 24. Rhd1 Ne8 25. f4 Qxh3 26. fxe5 dxe5 27.
Rxc8 Qxc8 28. Rc1 Qd8 29. Qe6 Qd6 30. Qh3 Rd8 31. Bg5 Rd7 32. Qc3 Rc7 33. Qh3
Rxc1 34. Bxc1 Qc6 35. Bh6+ Kg8 36. Qb3+ Kh8 37. Qf7 Qxe4+ 38. Be3 Qc2+ 39. Bd2
Qe4+ 40. Kd1 Qb1+ 41. Ke2 Qe4+ 42. Be3 Qc2+ 1/2-1/2

[Event "XIV Festival A"]
[Site "Trieste ITA"]
[Date "2012.09.02"]
[Round "2"]
[White "David, Alberto"]
[Black "Franca, Veronika"]
[WhiteElo "2599"]
[BlackElo "1952"]
[Result "1-0"]
[PlyCount "53"]
[EventDate "2012.09.01"]

1. d4 Nf6 2. c4 e6 3. Nc3 Bb4 4. e3 O-O 5. Nge2 d5 6. a3 Be7 7. cxd5 exd5 8. g3
Bf5 9. Bg2 c6 10. O-O Nbd7 11. f3 Nb6 12. e4 dxe4 13. fxe4 Bg4 14. h3 Bh5 15.
g4 Bg6 16. Bf4 Re8 17. Qb3 Bf8 18. Bg5 Be7 19. Bxf6 Bxf6 20. Rad1 Qd7 21. e5
Bh4 22. Nf4 Qe7 23. a4 c5 24. a5 cxd4 25. Nb5 Nc8 26. Nxg6 hxg6 27. Rxf7 1-0